[Event "3rd International Chess Festival Ortise"]
[Site "Ortisei"]
[Date "2016.06.11"]
[Round "9.20"]
[White "Enkhtuul, Altan-Ulzii"]
[Black "Bernardi, Ruben"]
[Result "1/2-1/2"]
[WhiteElo "2258"]
[BlackElo "2189"]
[PlyCount "135"]
[EventDate "2016.06.04"]
[EventRounds "9"]
[EventCountry "ITA"]

1. d4 Nf6 2. Nf3 e6 3. c4 b6 4. g3 Ba6 5. b3 Bb4+ 6. Bd2 Be7 7. Bg2 d5 8. Qc2
O-O 9. O-O c5 10. Rd1 Nc6 11. Be1 Rc8 12. dxc5 Bxc5 13. a3 Be7 14. Nc3 Qe8 15.
cxd5 exd5 16. Qb1 Rd8 17. e3 Rd6 18. b4 Bc4 19. b5 Na5 20. Nd4 g6 21. Na4 Nb7
22. Nc6 Rxc6 23. bxc6 Qxc6 24. Nb2 Be2 25. Rc1 Nc5 26. Nd3 Qd7 27. Nxc5 bxc5
28. Ra2 Bg4 29. a4 Qe6 30. Qd3 Bf5 31. Qe2 Re8 32. Rb2 c4 33. Rd1 Rc8 34. Bc3
Ba3 35. Ra2 Be7 36. Bxf6 Qxf6 37. Bxd5 Bd3 38. Qf3 Qg7 39. e4 Bf6 40. Kg2 Rb8
41. Rc1 Bg5 42. Rxc4 Bxc4 43. Bxc4 Qf6 44. Qe2 Re8 45. Bd5 Qd6 46. f4 Bd8 47.
Rc2 Bb6 48. Qd2 Rd8 49. a5 Bc7 50. Qc3 Rd7 51. Rd2 Qe7 52. Qd4 Rd8 53. Qxa7 Qb4
54. Bxf7+ Kg7 55. Rxd8 Bxd8 56. Bd5+ Kh6 57. a6 Bb6 58. Qb8 Qc5 59. Qe5 Qf2+
60. Kh3 Qf1+ 61. Kh4 Bd8+ 62. Qg5+ Bxg5+ 63. fxg5+ Kg7 {[%emt 0:00:00]} 64. a7
Qe2 65. Kh3 Qh5+ 66. Kg2 Qe2+ 67. Kh3 Qh5+ 68. Kg2 1/2-1/2